Statistics for Country by Ruler

Click here to take the quiz!

General Stats

  • This quiz has been taken 675 times
  • The average score is 13 of 16

Answer Stats

HintAnswer% Correct
Thomas Woodrow WilsonUSA
96%
Qin Shi HuangChina
93%
Fidel CastroCuba
93%
Henry VIIEngland
93%
Angela MerkelGermany
92%
Maximilien RobespierreFrance
91%
RamessesEgypt
90%
Kublai KhanMongolia
89%
Catherine, the GreatRussia
86%
Emperor MeijiJapan
84%
Hugo ChavezVenezuela
81%
Dom Filipe IISpain
67%
Dom Sebastião IPortugal
65%
Dom Pedro IIBrazil
61%
Frederik Willem de KlerkSouth Africa
60%
Ashoka MauryaIndia
39%

Score Distribution

Percentile by Number Answered

Percent of People with Each Score

Your Score History

You have not taken this quiz